000 00862nam a2200277 i 4500
003 DO-SdBNP
005 20240506105408.0
006 a||||fr|||| 00| 0
007 ta
008 240506e1974 dr ||||| l||| 00| 0 spa d
040 _aDO-SdBNP
_bspa
_cBNPHU
_erda
082 4 _222
_bV443a
100 _aVeloz Maggiolo, Marcio
_eautor
_d1936- 2021
_91104
110 _9447
245 1 0 _aApuntes sobre prehistoria de Santo Domingo /
_cMarcio Veloz Maggiolo
264 _aSanto Domingo :
_bCultural Dominicana,
_c1974
300 _a31 páginas ;
_c22 cm.
336 _2rdaconten
_atexto
_btxt
337 _2rdamedia
_asin mediación
_bn
338 _2rdacarrier
_avolumen
_bnc
590 _aInventariado 2024 / DG
650 4 _aLeyes y legislación
_zRepública Dominicana
_981711
651 4 _aLeyes
_zRepública Dominicana
_954814
910 _aDG
942 _2ddc
_cLF2
999 _c56608
_d56608